Statistiques concernant La Suisse en différentes langues

Cliquez ici pour prendre le quiz!

Statistiques générales

  • Ce quiz a été pris 129 fois
    (128 depuis la dernière actualisation)
  • Le résultat moyen est 10 sur 14

Statistiques - réponses

SuisseLangue% Correct
SchweizAllemand / Suédois / Danois
97%
SwitzerlandAnglais
95%
Швейца́рияRusse / Bulgare
94%
سويسراArabe
93%
SvizzeraItalien
89%
ΕλβετίαGrec
87%
スイスJaponais
85%
SuíçaPortugais
73%
SuizaEspagnol
69%
ZwitserlandNéerlandais
54%
SzwajcariaPolonais
51%
Thụy sĩVietnamien
41%
HelvētiaLatin
35%
SveitsiFinnois
21%

Distribution des résultats

Percentile par nombre de réponses

% des personnes avec chaque résultat

Votre développement - résultats

Vous n’avez pas pris ce quiz depuis la dernière actualisation